000 00855nam a22003137a 4500
001 BR8703511
003 BR-BrBNA
005 20230928092616.0
007 ta
008 230509b bl.||||| |||| 00| 0 por d
040 _aBR-BrBNA
_bpor
_cBiblioteca Nacional de Agricultura
041 _a(Por)
072 _aJ10
090 _ J10 BR8703511
100 1 _aGiudice, P.M. del
100 1 _aHara, T.
100 1 _aPinheiro Filho, J.B.
100 1 _aCoelho, D.T.
100 1 _aPuzzi, D.
100 1 _aAzevedo, J.M.P. de
110 1 _aUniversidade Federal de Vicosa, MG (Brasil). Depto. de Engenharia Agricola
_910981
245 1 _aCurso intensivo de armazenamento de graos
260 3 _aVicosa, MG (Brasil):
_c1975.
300 _a229 p.
650 _aGRAO
650 _aARMAZENAMENTO
909 _a202309
_bLucia
_c55
_dLucia Elande
942 _cBK
999 _c40123
_d40123